000 01215nai a22002657a 4500
003 OSt
005 20190923093559.0
008 130910b2018 slv spa
022 _a2227-4235
040 _cBMC
082 _a378.00772845
082 _a378.72840014
082 _a001.47284
245 0 0 _aAnuario de investigación 2018
_c[director, Nery F. Herrera Pineda]
260 _aSanta Ana, El Salvador
_bUNICAES, Dirección de Investigación
_c2018
300 _a325+ [6] p
_bil.
_c28 cm
490 _aPublicaciones de la Dirección de Investigación
_v7
505 _aContiene: -Educación, desarrollo personal y social. -Gestión empresarial. -Innovación del diseño y de la construcción. -Persona humana. -Salud preventiva y curativa. -Tecnologías de la información y de la comunicación.
610 2 4 _99278
_aUniversidad Católica de El Salvador
_bDirección de Investigación
_vAnuarios
610 2 4 _98619
_aUniversidad Católica de El Salvador
_xActividad científica
650 2 4 _94874
_aInvestigación
_zEl Salvador
700 1 _914396
_aHerrera Pineda, Nery Francisco
710 2 _99274
_aUniversidad Católica de El Salvador
_bDirección de Investigación
942 _2ddc
_cPR
_hprozim
999 _c29827
_d29827